Markus Lüpertz : Skulpturen in Bronze /
Saved in:
| Main Author: | |
|---|---|
| Corporate Authors: | , , |
| Other Authors: | , |
| Format: | Book |
| Language: | German |
| Published: |
Heidelberg :
Edition Braus,
c1995.
|
| Subjects: | |
| Tags: |
Add Tag
No Tags, Be the first to tag this record!
|
| LEADER | 01276aam a2200325 a 4500 | ||
|---|---|---|---|
| 001 | 006110184-2 | ||
| 005 | 20020606163548.3 | ||
| 008 | 960209s1995 gw a bc 000 0dger | ||
| 010 | |a 96113776 | ||
| 020 | |a 3894661305 | ||
| 035 | 0 | |a ocm36085983 | |
| 040 | |a DLC |c DLC |d MH-FA | ||
| 050 | 0 | 0 | |a NB588.L83 |b A4 1995 |
| 100 | 1 | |a Lüpertz, Markus. | |
| 245 | 1 | 0 | |a Markus Lüpertz : |b Skulpturen in Bronze / |c [Katalogredaktion, Jochen Kronjäger, Inge Herold]. |
| 246 | 3 | 0 | |a Skulpturen in Bronze |
| 260 | |a Heidelberg : |b Edition Braus, |c c1995. | ||
| 300 | |a 143 p. : |b ill. (some col.) ; |c 29 cm. | ||
| 500 | |a Catalog for an exhibition held at Städtische Kunsthalle Mannheim, in 1995, Städtische Kunstsammlungen Augsburg, in 1995, and Gerhard Marcks-Haus, Bremen, in 1995. | ||
| 504 | |a Includes bibliographical references. | ||
| 600 | 1 | 0 | |a Lüpertz, Markus |v Exhibitions. |
| 655 | 7 | |a Exhibition catalogs. |2 fast | |
| 700 | 1 | |a Kronjäger, Jochen. | |
| 700 | 1 | |a Herold, Inge, |d 1962- | |
| 710 | 2 | |a Städtische Kunsthalle Mannheim. | |
| 710 | 2 | |a Städtische Kunstsammlungen Augsburg. | |
| 710 | 2 | |a Gerhard Marcks-Haus. | |
| 776 | 0 | 8 | |i Online version: |a Lüpertz, Markus. |t Markus Lüpertz. |d Heidelberg : Edition Braus, ©1995 |w (OCoLC)741466654 |
| 988 | |a 20020608 | ||
| 906 | |0 DLC | ||


